| 000 | 00569nam a22001937a 4500 | ||
|---|---|---|---|
| 003 | CEME | ||
| 005 | 20210628210048.0 | ||
| 008 | 210211b xxu||||| |||| 00| 0 eng d | ||
| 020 | _a0-15-520984-1 | ||
| 040 | _c. | ||
| 082 | _a515.35 RAB | ||
| 100 |
_aRabenstein, Albert.L _910474 |
||
| 245 | _aElementary differential equations with linear algebra | ||
| 250 | _a4TH | ||
| 260 |
_aNEW YORK _bSAUNDERS COLLEGE PUBLISHING _c1992 |
||
| 300 | _a506P | ||
| 650 |
_aDIFFERENTIAL EQUATIONS-LINEAR ALGEBRA LINEAR ALGEBRA,DIFFERENTIAL EQUATIONS _978030 |
||
| 942 |
_cBK _2ddc |
||
| 999 |
_c583188 _d583188 |
||